Restauraciones históricas y vindicación de un pueblo. Contenidas en los siguientes estudios: La Expedición libertadora del Perú, El agresor en la Guerra del Pacífico, Psicología de dos pueblos y La solución de un conflicto
-д хадгалсан:
| Үндсэн зохиолч: | |
|---|---|
| Формат: | Ном |
| Хэл сонгох: | испани |
| Хэвлэсэн: |
Valparaíso
Imprenta de La Armada
1924
|
| Хэвлэл: | 1a. ed |
| Нөхцлүүд: | |
| Шошгууд: |
Шошго нэмэх
Шошго байхгүй, Энэхүү баримтыг шошголох эхний хүн болох!
|
MARC
| LEADER | 00000nam a2200000 a 4500 | ||
|---|---|---|---|
| 001 | UCJ3830 | ||
| 003 | CL-VaPUC | ||
| 008 | 070124e19240000CL |||||||||||||||||spa|d | ||
| 082 | 0 | 4 | |a 983 |b ALV |2 21 |
| 100 | 0 | |a Alvarez, Gabriel E. |e author |9 506257 | |
| 245 | 1 | 0 | |a Restauraciones históricas y vindicación de un pueblo. Contenidas en los siguientes estudios: La Expedición libertadora del Perú, El agresor en la Guerra del Pacífico, Psicología de dos pueblos y La solución de un conflicto |
| 250 | |a 1a. ed | ||
| 300 | |a 233 p | ||
| 942 | |c BK | ||
| 945 | |d 20070124 00:00:00 |a rinostro | ||
| 260 | |a Valparaíso |b Imprenta de La Armada |c 1924 | ||
| 650 | 0 | |a Independencia del Perú |9 504551 | |
| 650 | 0 | |a Guerra del Pacífico |9 314886 | |
| 650 | 7 | |a PLEBISCITO DE TACNA Y ARICA |2 CL-VaPUC |9 314887 | |
| 650 | 0 | |a Psicología |9 257863 | |
| 650 | 0 | |a Antropología |9 233030 | |
| 651 | 0 | |a Bolivia |9 255454 | |
| 651 | 7 | |a CHILE |2 CL-VaPUC |9 506258 | |
| 651 | 0 | |a Perú |9 256567 | |
| 583 | |a last modification |c 20070124 00:00:00 |k Rodrigo Vera | ||
| 999 | |c 319952 |d 319950 | ||
| 952 | |0 0 |1 0 |4 0 |6 983_000000000000000_ALV_1924 |7 0 |8 X |9 398363 |a FDOBUD |b FDOBUD |d 2019-11-22 |i 1008838 |o 983 ALV 1924 |p 1008838 |r 2019-11-22 |w 2019-11-22 |y BK_X |k BUD | ||